| 000 | 00755nam a22002177a 4500 | ||
|---|---|---|---|
| 999 |
_c13153 _d13153 |
||
| 003 | AR-CdUCM | ||
| 008 | 190409b ||||| |||| 00| 0 spa d | ||
| 020 | _a978-612-46460-4-1 | ||
| 040 |
_aMUNICIPALIDAD PROVINCIAL DEL CUSCO _cBIBLIOTECA MUNICIPAL DEL CUSCO |
||
| 082 |
_aEP / 580 / _bR78 |
||
| 100 |
_aRojas Zimin, Svetlana _930566 |
||
| 245 |
_aEnciclopedia ilustrada : _bAlimentos y plantas / |
||
| 260 |
_aLima : _bBermudas, _c2016. |
||
| 300 |
_a56 páginas _c20 cm. |
||
| 440 |
_aColección mi Perú. _930567 |
||
| 505 | _aContenido :Achiote -- Ají amarillo -- Chirimoya -- Maíz morado -- Sacha inchi ... | ||
| 650 |
_aAlimentos nutritivos _931373 |
||
| 650 |
_aPlantas medicinales _914338 |
||
| 942 |
_2ddc _cLIBROS |
||
| 945 |
_arum _d2019-04-11 |
||